000 00758nam a2200253Ia 4500
003 OSt
005 20220928120920.0
006 a|||||r|||| 00| 0
007 ta
008 220927b |||||||| |||| 00| 0 eng d
024 _a122411
037 _cTextual
040 _aSDCL
_cSDCL
_beng
041 _2eng
_aeng
082 _aG:68, L9
100 _aSchimmel Paul R Ed.
_9451359
245 0 _aTransfer RNA
_b Structure,properties and recognition.
260 _aU.S.A
_bCold Spring Harbor Laboratory
_c1979
300 _axii,577p
_ccm.
700 _a Abelson John N Ed.
_9451360
700 _a Soll Dieter Ed.
_9451361
942 _hG:68, L9
_cTEXL
_2CC
999 _c765430
_d765430